Price Policy in Games in Spatial Competition
Teória hier, nekooperatívne hry, priestorová súťaž, lokalizácia. Analýza situácie, keď každý z dvoch podnikov (duopol) má svoju vlastnú cenovú stratégiu a preferencie zákazníka sú obmedzené maximálnou sumou, ktorú sú ochotní zaplatiť za tovar za danú cenu - problém formulovaný ako hra pre dvoch hráč...
Enregistré dans:
| Auteur principal: | |
|---|---|
| Autres auteurs: | |
| Format: | Chapitre de livre |
| Langue: | anglais |
| Sujets: | |
| Tags: |
Pas de tags, Soyez le premier à ajouter un tag!
|
MARC
| LEADER | 00000naa$a2200000$$$4500 | ||
|---|---|---|---|
| 001 | 0243924 | ||
| 005 | 20240502073942.5 | ||
| 041 | 0 | |a eng | |
| 044 | |a SK | ||
| 245 | 1 | 0 | |a Price Policy in Games in Spatial Competition |c Allan Jose Sequeira Lopez, Zuzana Čičková |
| 520 | |a Teória hier, nekooperatívne hry, priestorová súťaž, lokalizácia. Analýza situácie, keď každý z dvoch podnikov (duopol) má svoju vlastnú cenovú stratégiu a preferencie zákazníka sú obmedzené maximálnou sumou, ktorú sú ochotní zaplatiť za tovar za danú cenu - problém formulovaný ako hra pre dvoch hráčov s konštantným a nekonštantným súčtom. Ilustratívne príklady. Softvér GAMS. | ||
| 610 | 2 | 0 | |a ceny |
| 610 | 2 | 0 | |a politika cenová |
| 610 | 2 | 0 | |a konkurencia |
| 610 | 2 | 0 | |a súťaž hospodárska |
| 610 | 2 | 0 | |a teória hier |
| 610 | 2 | 0 | |a duopoly |
| 610 | 2 | 0 | |a zákazníci |
| 610 | 2 | 0 | |a priestor |
| 610 | 2 | 0 | |a lokalizácia |
| 610 | 2 | 0 | |a ekonómia behaviorálna |
| 610 | 2 | 0 | |a metódy matematické |
| 100 | 1 | |a Sequeira Lopez, Allan Jose, 1986- | |
| 700 | 1 | |a Čičková, Zuzana, 1978- | |